| 000 | 01171nam a2200325 i 4500 | ||
|---|---|---|---|
| 001 | 13441 | ||
| 003 | KOSZ 005 | ||
| 005 | 20191214090757.0 | ||
| 008 | 081127s1951 pl a g 000 0 pol | ||
| 015 | _aPB 1951/2226 | ||
| 040 |
_aWA N _cWA N _dKOSZ 005/RW |
||
| 041 | 1 |
_apol _hrus |
|
| 080 | _a882(091):335.5 | ||
| 100 | 1 |
_aLenin, Włodzimierz _d(1870-1924). _eAutor |
|
| 245 | 1 | 0 |
_aO literaturze : _bartykuły i fragmenty / _cLenin. |
| 250 | _aWydanie 3. | ||
| 260 |
_aWarszawa : _b"Książka i Wiedza", _c1951. |
||
| 300 |
_a86, [1] stron ; _c21 cm. |
||
| 336 |
_aTekst _btxt _2rdacontent |
||
| 337 |
_aBez urządzenia pośredniczącego _bn _2rdamedia |
||
| 338 |
_aWolumin _bnc _2rdacarrier |
||
| 380 | _aKsiążki. | ||
| 546 | _aTłumaczenie z rosyjskiego. | ||
| 600 | 1 | 4 |
_aLenin, Vladimir Il'ič _d(1870-1924) _xa literatura. |
| 658 | _aLiteraturoznawstwo | ||
| 650 | 4 | _aKomunizm | |
| 710 | 2 |
_aSpółdzielnia Wydawniczo-Handlowa "Książka i Wiedza" _4pbl. |
|
| 856 |
_uhttp://koha.tu.koszalin.pl/cgi-bin/koha/opac-detail.pl?biblionumber=13441 _yKatalog online BPK |
||
| 942 |
_2UKD _cKS |
||
| 999 |
_c13441 _d13441 |
||